01022nam a2200181 a 4500090001600000041000800016110006400024245005600088260005300144300001100197520048800208650002500696650002600721650003100747650002600778650002100804999001500825 aIAVHb00664 aspa bCorporación Internacional de Apoyo Ambiental, CIAA992547 aEstudio nacional de semillas forestales en Colombia aBogotábInstituto Alexander von Humboldtc2003 a132 p. aEl presente documento, en primera instancia contiene una síntesis de los estudios de oferta y demanda de semillas forestales que han antecedido este proyecto, de tal manera que permitan una fuente de comparación y sean útilies para el análisis de la información primaria y secundaria procesada. En segunda instancia se presenta de forma global, la metodología usada, dentro de la cual se incluye el instrumento principal, que es la encuesta para la toma de información. aBiodiversidad992204 aConservación992401 aSemillas forestales992548 aOferta y demanda9597 aEncuestas913382 c6163d6163